World Cities by Montage #3 - Statistics

General Stats
  • This quiz has been taken 119 times
  • The average score is 10 of 16
Answer Stats
Picture Hint Answer % Correct
(Asia) Kuala Lumpur
90%
(North America) Chicago
89%
(North America) San Francisco
88%
(Europe) Kiev
78%
(South America) Brasilia
76%
(Oceania) Melbourne
75%
(Asia) Riyadh
70%
(Europe) Stockholm
69%
(Asia) Hong Kong
65%
(Asia) Lhasa
55%
(Asia) Mumbai
53%
(Asia) Kathmandu
51%
(Africa) Accra
49%
(North America) Quebec City
43%
(North America) Panama City
38%
(Europe) Dublin
28%
No matching quizzes found
Score Distribution
Percent of People with Each Score
Percentile by Number Answered
Your Score History
You have not taken this quiz